00726nam a2200181Ia 4500001002400000003000900024008004100033040002300074041001300097100002400110245010200134250001500236260005000251300001900301490003300320500006700353501012400420891.09-BAU al le (8880)IT-MiSPE171229s9999||||xx |||||||||||||| ||und|| aIT-MiSPEcIT-MiSPE aITALIANO aAlessandro Bausani  0aLe letterature del Pakistan e dell'AfghanistanbUrdu, Pangiabi, Sindhi, Pashto, Bengali Pakistana a1a ed. (v) aFirenze; MilanobSansoni; Ed. Accademiac1968 a307 p. c19 cm aLe letterature del mondov35 aPachistane, letterature - Storia; Afgana, letteratura - Storia aEdizioni San Paolo srl - Piazza Soncino, 5 - 20092 CINISELLO BALSAMO (MI) (non commercial uses only) ® Copyright 2018